[Event "Ghent op 45th"]
[Site "Ghent"]
[Date "2024.07.23"]
[Round "8"]
[White "Chua, Ethan"]
[Black "Kshirsagar, Pranav"]
[Result "1-0"]
[WhiteElo "2131"]
[BlackElo "2023"]
[PlyCount "169"]
[EventDate "2024.07.20"]
[EventType "swiss"]
[EventRounds "9"]
[EventCountry "BEL"]
[SourceTitle "CBM 221 Extra"]
[Source "ChessBase"]
[SourceDate "2024.09.30"]
[SourceVersion "1"]
[SourceVersionDate "2024.09.30"]
[SourceQuality "1"]

1. e4 c6 2. d4 d5 3. e5 c5 4. dxc5 Nc6 5. Nf3 Bg4 6. c3 e6 7. Be3 Nge7 8. Nbd2 Ng6 9. Qa4 Bxf3 10. Nxf3 Qc7 11. 0-0-0 Be7 12. Bb5 0-0 13. Bxc6 bxc6 14. Rhe1 Rab8 15. h4 Rb5 16. b4 Rc8 17. Kc2 Nxh4 18. Nxh4 Bxh4 19. g3 Be7 20. f4 a5 21. a3 Qb7 22. Qb3 Qa7 23. Bd4 Rcb8 24. Qa4 Qb7 25. Rb1 Ra8 26. Qb3 Qa7 27. Ra1 Rab8 28. Qa4 Qb7 29. Reb1 Qa6 30. Kd2 R5b7 31. Qc2 g6 32. g4 Bf8 33. Rh1 Qc4 34. Qd3 Qb3 35. Qh3 h6 36. f5 axb4 37. axb4 Qc4 38. Qd3 Qxd3+ 39. Kxd3 exf5 40. gxf5 g5 41. Ra6 Rc8 42. Ke3 Rcc7 43. Kf3 Ra7 44. Rb6 Rc8 45. Kg4 Kh7 46. Re1 Be7 47. b5 cxb5 48. Rxb5 Rac7 49. c6 Rxc6 50. Rxd5 R8c7 51. f6 Bf8 52. Kf5 Re6 53. Rd8 Bc5 54. Rb1 Bxd4 55. cxd4 Rc2 56. Rb7 Rf2+ 57. Ke4 Rfxf6 58. Kd5 Rb6 59. Rdb8 Rxb7 60. Rxb7 Rf1 61. e6 Kg6 62. e7 Re1 63. Kd6 Kf6 64. d5 g4 65. Rb4 Rxe7 66. Rf4+ Kg5 67. Rxg4+ Kxg4 68. Kxe7 f5 69. d6 f4 70. d7 f3 71. d8Q Kg3 72. Qd3 Kg2 73. Qe4 h5 74. Kf6 h4 75. Qg4+ Kf2 76. Qxh4+ Kf1 77. Qc4+ Kg1 78. Qg4+ Kf2 79. Kf5 Ke3 80. Qe4+ Kf2 81. Kf4 Kg2 82. Qxf3+ Kg1 83. Qe2 Kh1 84. Kg3 Kg1 85. Qg2# 1-0

[Event "Ghent op 45th"]
[Site "Ghent"]
[Date "2024.07.21"]
[Round "3"]
[White "Kshirsagar, Pranav"]
[Black "Venkataramanan, TS."]
[Result "0-1"]
[WhiteElo "2023"]
[BlackElo "2253"]
[PlyCount "98"]
[EventDate "2024.07.20"]
[EventType "swiss"]
[EventRounds "9"]
[EventCountry "BEL"]
[SourceTitle "CBM 221 Extra"]
[Source "ChessBase"]
[SourceDate "2024.09.30"]
[SourceVersion "1"]
[SourceVersionDate "2024.09.30"]
[SourceQuality "1"]

1. d4 d5 2. c4 e6 3. Nf3 Nf6 4. Nc3 Be7 5. Bf4 0-0 6. e3 b6 7. cxd5 exd5 8. Ne5 c5 9. Bd3 Bb7 10. 0-0 Nc6 11. Rc1 Nd7 12. Nxd7 Qxd7 13. dxc5 d4 14. exd4 Nxd4 15. cxb6 axb6 16. Re1 Rfd8 17. Re3 Ne6 18. Be5 Bg5 19. Rg3 Bxc1 20. Qxc1 Qxd3 21. Rxd3 Rxd3 22. Qc2 Rad8 23. h4 f6 24. Bg3 Nc5 25. b4 Ne6 26. Nb5 Kf7 27. Nc7 Rxg3 28. Nxe6 Rxg2+ 29. Kf1 Kxe6 30. Qe2+ Kf7 31. Qc4+ Bd5 32. Qc7+ Ke8 33. Qxb6 h5 34. Qb5+ Kf8 35. Qa5 Rd7 36. Qc5+ Kf7 37. Qc8 Re7 38. Qc5 Re5 39. Qc7+ Kg6 40. Qc2+ Rf5 41. a4 Rgxf2+ 42. Qxf2 Rxf2+ 43. Kxf2 Kf5 44. Ke3 g5 45. b5 gxh4 46. a5 h3 47. a6 h2 48. b6 h1Q 49. b7 Bxb7 0-1

[Event "Helmond Rapid op"]
[Site "Helmond"]
[Date "2024.06.15"]
[Round "3"]
[White "Baselmans, Luuk"]
[Black "Kshirsagar, Pranav"]
[Result "1-0"]
[WhiteElo "2335"]
[BlackElo "2021"]
[PlyCount "71"]
[EventDate "2024.06.15"]
[EventType "swiss (rapid)"]
[EventRounds "9"]
[EventCountry "NED"]
[SourceTitle "CBM 220 Extra"]
[Source "ChessBase"]
[SourceDate "2024.07.31"]
[SourceVersion "1"]
[SourceVersionDate "2024.07.31"]
[SourceQuality "1"]

1. e4 c6 2. d4 d5 3. e5 c5 4. dxc5 Nc6 5. Nf3 Bg4 6. c3 e6 7. b4 Nge7 8. Be3 Ng6 9. Nbd2 Ngxe5 10. h3 Nxf3+ 11. Nxf3 Bh5 12. Be2 Qf6 13. Bd4 Nxd4 14. Nxd4 Bxe2 15. Qa4+ Ke7 16. Nxe2 g6 17. Qb5 Rd8 18. Qxb7+ Rd7 19. Qb5 e5 20. c6 Rd6 21. Qb7+ Ke6 22. c7 Bg7 23. c8Q+ Rxc8 24. Qxc8+ Ke7 25. 0-0 d4 26. cxd4 exd4 27. Rfe1 Rd8 28. Qc5+ Qd6 29. Nxd4+ Kf8 30. Qxd6+ Rxd6 31. Nb5 Rb6 32. Rac1 Bf6 33. Rc8+ Kg7 34. Nc7 Bc3 35. Ne8+ Kh6 36. Rxc3 1-0

[Event "Helmond Rapid op"]
[Site "Helmond"]
[Date "2024.06.15"]
[Round "7"]
[White "Guillaumond, Matthieu"]
[Black "Kshirsagar, Pranav"]
[Result "1-0"]
[WhiteElo "1883"]
[BlackElo "2021"]
[PlyCount "83"]
[EventDate "2024.06.15"]
[EventType "swiss (rapid)"]
[EventRounds "9"]
[EventCountry "NED"]
[SourceTitle "CBM 220 Extra"]
[Source "ChessBase"]
[SourceDate "2024.07.31"]
[SourceVersion "1"]
[SourceVersionDate "2024.07.31"]
[SourceQuality "1"]

1. e4 c6 2. Nc3 d5 3. Nf3 dxe4 4. Nxe4 Nf6 5. Qe2 Nxe4 6. Qxe4 Nd7 7. Bc4 Nf6 8. Ne5 e6 9. Qe2 b5 10. Bd3 Qc7 11. a4 Bd6 12. Nxc6 bxa4 13. Nd4 Bd7 14. Nb5 Qc5 15. Nxd6+ Qxd6 16. 0-0 0-0 17. Bb5 Bxb5 18. Qxb5 Ng4 19. Qh5 Nf6 20. Qh4 Qc7 21. Qxa4 Rfd8 22. d3 Qc5 23. Be3 Qe5 24. b3 Nd5 25. Bd4 Qc7 26. Qc4 Qe7 27. Bc5 Qb7 28. Qe4 Qc7 29. b4 Nc3 30. Qe1 Nb5 31. c4 Nd4 32. Qe4 Nb3 33. d4 Nxa1 34. Rxa1 a5 35. b5 Qd7 36. Bb6 Rdc8 37. Bc5 a4 38. b6 Rcb8 39. Ra3 Ra6 40. h3 Raxb6 41. Bxb6 Rxb6 42. Qa8+ 1-0

[Event "Helmond Rapid op"]
[Site "Helmond"]
[Date "2024.06.15"]
[Round "1"]
[White "Van Wijk, Marco"]
[Black "Kshirsagar, Pranav"]
[Result "0-1"]
[WhiteElo "1506"]
[BlackElo "2021"]
[PlyCount "69"]
[EventDate "2024.06.15"]
[EventType "swiss (rapid)"]
[EventRounds "9"]
[EventCountry "NED"]
[SourceTitle "CBM 220 Extra"]
[Source "ChessBase"]
[SourceDate "2024.07.31"]
[SourceVersion "1"]
[SourceVersionDate "2024.07.31"]
[SourceQuality "1"]

1. c4 e5 2. Nc3 Nf6 3. e3 Bb4 4. d4 exd4 5. exd4 0-0 6. Nf3 d5 7. Qb3 Re8+ 8. Be2 Qe7 9. Be3 Be6 10. 0-0 c6 11. a3 Bxc3 12. bxc3 dxc4 13. Bxc4 Bxc4 14. Qxc4 Nbd7 15. Rab1 Nb6 16. Qd3 Qxa3 17. Ne5 Rad8 18. Ra1 Qd6 19. Rxa7 Qb8 20. Rfa1 Nc8 21. Ra8 Qxe5 22. Qc4 Qd5 23. Qxd5 Nxd5 24. c4 Nxe3 25. fxe3 Nd6 26. R8a4 Rxe3 27. c5 Nb5 28. Ra8 Ree8 29. R8a2 h6 30. Rf2 Rxd4 31. Raf1 Rd7 32. Rf5 Rde7 33. h3 Nd4 34. R5f4 Ne2+ 35. Kh1 0-1

[Event "Eindhoven WLC op 14th"]
[Site "Eindhoven"]
[Date "2024.06.01"]
[Round "2"]
[White "Van Batenburg, Mees"]
[Black "Kshirsagar, Pranav"]
[Result "0-1"]
[WhiteElo "2118"]
[BlackElo "1937"]
[PlyCount "120"]
[EventDate "2024.05.31"]
[EventType "swiss"]
[EventRounds "6"]
[EventCountry "NED"]
[SourceTitle "CBM 220 Extra"]
[Source "ChessBase"]
[SourceDate "2024.07.31"]
[SourceVersion "1"]
[SourceVersionDate "2024.07.31"]
[SourceQuality "1"]

1. e4 c6 2. d4 d5 3. e5 c5 4. Nf3 Bg4 5. dxc5 e6 6. Bb5+ Nc6 7. b4 Qc7 8. 0-0 Bxf3 9. Qxf3 Qxe5 10. c3 Nf6 11. Bf4 Qe4 12. Nd2 Qxf3 13. Nxf3 Ne4 14. Nd4 Rc8 15. Rfc1 g5 16. Be3 h6 17. f3 Nf6 18. Nb3 Nd7 19. Bxc6 bxc6 20. a4 Bg7 21. b5 Rb8 22. Na5 cxb5 23. c6 Ne5 24. Bxa7 Ra8 25. axb5 Rxa7 26. b6 Rxa5 27. c7 Kd7 28. Rxa5 Nc4 29. Ra6 Kc6 30. Rb1 Bxc3 31. Ra8 Bd4+ 32. Kh1 Nxb6 33. Rxb6+ Kxc7 34. Rba6 Rxa8 35. Rxa8 Be3 36. g3 Kd6 37. Kg2 Ke5 38. Rh8 f5 39. Rxh6 d4 40. Kf1 d3 41. Rg6 Kd5 42. Ke1 e5 43. h4 gxh4 44. gxh4 e4 45. fxe4+ fxe4 46. h5 Bc1 47. h6 e3 48. h7 Bb2 49. Rg2 Bc3+ 50. Kd1 Ke4 51. Rh2 Kf3 52. Rh3+ Kf2 53. Rh2+ Kf1 54. Rh1+ Kg2 55. h8Q e2+ 56. Kc1 Bxh8 57. Rd1 exd1Q+ 58. Kxd1 Kf3 59. Kd2 Ke4 60. Kd1 Ke3 0-1

[Event "Helmond Rapid op"]
[Site "Helmond"]
[Date "2023.06.10"]
[Round "7"]
[White "Kools, Thomas"]
[Black "Kshirsagar, Pranav"]
[Result "1-0"]
[WhiteElo "2112"]
[BlackElo "1666"]
[PlyCount "99"]
[EventDate "2023.06.10"]
[EventType "swiss (rapid)"]
[EventRounds "9"]
[EventCountry "NED"]
[SourceTitle "CBM 214 Extra"]
[Source "ChessBase"]
[SourceDate "2023.07.31"]
[SourceVersion "1"]
[SourceVersionDate "2023.07.31"]
[SourceQuality "1"]

1. e4 c6 2. Nc3 d5 3. Nf3 dxe4 4. Nxe4 Nf6 5. Qe2 Bf5 6. Nxf6+ gxf6 7. d4 Nd7 8. Bf4 Qa5+ 9. c3 Bg7 10. Bd6 e6 11. Nh4 Bg6 12. Nxg6 hxg6 13. Qc4 Nb6 14. Qb3 0-0-0 15. Bc5 Nd7 16. Be7 Rde8 17. Bd6 Bh6 18. Rd1 Qf5 19. Qc4 Nb6 20. Qd3 Qd5 21. Bg3 Qxa2 22. Be2 Nd5 23. 0-0 Nf4 24. Bxf4 Bxf4 25. g3 Bb8 26. c4 Qa5 27. b4 Qg5 28. Qf3 Rh3 29. b5 c5 30. d5 e5 31. Qg4+ Qxg4 32. Bxg4+ f5 33. Bxh3 e4 34. Rfe1 Kd7 35. f3 Kd6 36. Bg2 e3 37. Rd3 f4 38. gxf4 Kd7 39. Rdxe3 Rxe3 40. Rxe3 Bxf4 41. Re4 g5 42. h4 f5 43. Rxf4 gxf4 44. Bh3 a6 45. bxa6 bxa6 46. Bxf5+ Kd6 47. h5 a5 48. h6 a4 49. h7 a3 50. Bb1 1-0